| 000 | | | 04899nac2a22003133x 450 |
| 001 | | | 4c4e171c-de39-4b0f-9d45-5e0421d9cf7c |
| 005 | | | 20211209093618.0 |
| 100 | ## | $a | 20211120l19071911k y0rusy50 ca |
| 101 | 0# | $a | rus |
| 102 | ## | $a | RU |
| 105 | ## | $a | y z ||||| |
| 122 | 2# | $a | d19071231 |
| | $a | d19111231 |
| 200 | 1# | $a | Свербеева Мария Вячеславовна /теща/. О разных семейных и хозяйственных делах. Приложен черновой набросок плана имения и телеграмма - Доманину |
| | $j | 1907-1911 |
| 215 | ## | $a | 38 листов |
| 251 | ## | $c | Дело |
| 300 | ## | $a | Заголовок дела на папке: Письма и телеграммы Свербеевой Марии Вячеславовны (теща Александра Ивановича Звегинцева) - Звегинцеву Александру Ивановичу. (О разных семейных и хозяйственных делах. Приложен черновик плана какого-то имения и одна телеграмма в адрес Доманина) |
| 300 | ## | $a | В деле имеются документы без дат |
| 300 | ## | $a | Листы: 1-2, 7, 8, 15, 38 - телеграммы; 3, 4, 6, 9 - открытки почтовые; 26 - рисунок |
| 300 | ## | $a | Рукописный и машинописный текст |
| 330 | ## | $a | Входит в раздел описи: 1. Письма к А. И. Звегинцову. 1/ Личная переписка |
| 461 | #0 | $1 | 001fc48e33c-c630-4015-85dd-2f2aab656f45 |
| | $1 | 2001 |
| | $a | Звегинцев Александр Иванович, помещик Воронежской губернии, депутат III Государственной думы, член партии "Союз 17 октября" |
| | $1 | 251 |
| | $c | Фонд |
| | $1 | 852 |
| | $j | 932 |
| 462 | #0 | $1 | 001ddcf82e7-7bd9-4c5e-b7f1-85df8b3febb3 |
| | $1 | 2001 |
| | $a | Дела постоянного хранения. 1899-1913 гг. |
| | $v | Д. 11 |
| | $1 | 251 |
| | $c | Опись |
| | $1 | 852 |
| | $j | 1 |
| 517 | 1# | $a | Письма и телеграммы Свербеевой Марии Вячеславовны (теща Александра Ивановича Звегинцева) - Звегинцеву Александру Ивановичу. (О разных семейных и хозяйственных делах. Приложен черновик плана какого-то имения и одна телеграмма в адрес Доманина) |
| 600 | #1 | $a | Звегинцев |
| | $b | А. И. |
| | $g | Александр Иванович |
| 600 | #1 | $a | Свербеева |
| | $b | М. В. |
| | $g | Мария Вячеславовна |
| 600 | #1 | $a | Доманин |
| 801 | #0 | $a | RU |
| | $b | GA_RF |
| 801 | #1 | $a | RU |
| | $b | ГлавНИВЦ |
| | $c | 20211120 |
| | $2 | rusmarc |
| 801 | #2 | $a | RU |
| | $b | ПБ им. Б.Н. Ельцина |
| | $c | 20211209 |
| | $g | RCR |
| | $2 | rusmarc |
| 852 | ## | $a | ГА РФ |
| | $j | 11 |
| 937 | ## | $d | 171315311 |
| | $h | ГАРФ |
| 035 | ## | $a | RuPRLIB51061939 |
| 856 | ## | $u | http://readingroom.main.prlib.ru/item.aspx?id_node=n171315311&mode=full |